2024/25 Biggest Transfers - Statistics

General Stats
  • This quiz has been taken 81 times
  • The average score is 203 of 547
Answer Stats
Column1 # Nation P A Player From To % Correct
By Fee 1 Argentina ST 24 Julian Alvarez Manchester City Atletico Madrid
96%
By Value 3 Argentina ST 24 Julian Alvarez Manchester City Atletico Madrid
96%
By Fee 175 Uruguay CB 24 Gaston Alvarez Getafe Al-Qadsiah
91%
By Value 180 Uruguay CB 24 Gaston Alvarez Getafe Al-Qadsiah
91%
By Fee 10 France RW 22 Michael Olise Crystal Palace Bayern Munich
89%
By Value 11 France RW 22 Michael Olise Crystal Palace Bayern Munich
89%
By Fee 2 England ST 26 Dominic Solanke Bournemouth Tottenham Hotspur
88%
By Value 25 England ST 26 Dominic Solanke Bournemouth Tottenham Hotspur
88%
By Fee 8 Spain AM 26 Dani Olmo RB Leipzig Barcelona
86%
By Value 6 Spain AM 26 Dani Olmo RB Leipzig Barcelona
86%
By Fee 12 Brazil CM 26 Douglas Luiz Aston Villa Juventus
86%
By Value 4 Brazil CM 26 Douglas Luiz Aston Villa Juventus
86%
By Fee 11 Portugal LW 24 Joao Felix Atletico Madrid Chelsea
86%
By Value 50 Portugal LW 24 Joao Felix Atletico Madrid Chelsea
86%
By Fee 15 Uruguay DM 23 Manuel Ugarte Paris Saint-Germain Manchester United
86%
By Value 21 Uruguay DM 23 Manuel Ugarte Paris Saint-Germain Manchester United
86%
By Fee 16 Brazil ST 18 Endrick Palmeiras Real Madrid
84%
By Value 7 Brazil ST 18 Endrick Palmeiras Real Madrid
84%
By Fee 3 France CB 18 Leny Yoro Lille Manchester United
84%
By Value 13 France CB 18 Leny Yoro Lille Manchester United
84%
By Fee 7 Belgium DM 22 Amadou Onana Everton Aston Villa
82%
By Value 14 Belgium DM 22 Amadou Onana Everton Aston Villa
82%
By Fee 24 England CM 24 Conor Gallagher Chelsea Atletico Madrid
82%
By Value 17 England CM 24 Conor Gallagher Chelsea Atletico Madrid
82%
By Value 5 Netherlands CB 25 Matthijs de Ligt Bayern Munich Manchester United
82%
By Fee 5 France RW 25 Moussa Diaby Aston Villa Al-Ittihad
82%
By Value 9 France RW 25 Moussa Diaby Aston Villa Al-Ittihad
82%
By Fee 4 Portugal RW 24 Pedro Neto Wolverhampton Wanderers Chelsea
82%
By Value 8 Portugal RW 24 Pedro Neto Wolverhampton Wanderers Chelsea
82%
By Fee 19 Netherlands CB 25 Matthijs de Ligt Bayern Munich Manchester United
80%
By Value 309 Senegal ST 27 Boulaye Dia Salernitana Lazio
79%
By Fee 40 Spain GK 28 David Raya Brentford Arsenal
79%
By Value 33 Spain GK 28 David Raya Brentford Arsenal
79%
By Fee 25 England ST 28 Ivan Toney Brentford Al-Ahli
79%
By Value 18 England ST 28 Ivan Toney Brentford Al-Ahli
79%
By Fee 13 Portugal DM 29 Joao Palhinha Fulham Bayern Munich
79%
By Value 12 Portugal DM 29 Joao Palhinha Fulham Bayern Munich
79%
By Fee 42 England AM 24 Emile Smith Rowe Arsenal Fulham
77%
By Value 88 England AM 24 Emile Smith Rowe Arsenal Fulham
77%
By Fee 23 Netherlands ST 23 Joshua Zirkzee Bologna Manchester United
77%
By Value 16 Netherlands ST 23 Joshua Zirkzee Bologna manches
77%
By Fee 48 Belgium ST 31 Romelu Lukaku Chelsea Napoli
77%
By Value 55 Belgium ST 31 Romelu Lukaku Chelsea Napoli
77%
By Fee 45 Scotland CM 27 Scott McTominay Manchester United Napoli
77%
By Value 48 Scotland CM 27 Scott McTominay Manchester United Napoli
77%
By Fee 6 Portugal DM 19 Joao Neves Benfica Paris Saint-Germain
75%
By Value 10 Portugal DM 19 Joao Neves Benfica Paris Saint-Germain
75%
By Fee 37 Spain CM 28 Mikel Merino Real Sociedad Arsenal
75%
By Value 19 Spain CM 28 Mikel Merino Real Sociedad Arsenal
75%
By Fee 20 Italy CB 22 Riccardo Calafiori Bologna Arsenal
75%
By Value 22 Italy CB 22 Riccardo Calafiori Bologna Arsenal
75%
By Fee 9 Netherlands AM 26 Teun Koopmeiners Atalanta Juventus
75%
By Value 15 Netherlands AM 26 Teun Koopmeiners Atalanta Juventus
75%
By Fee 34 Spain CB 27 Robin Le Normand Real Sociedad Atletico Madrid
73%
By Value 27 Spain CB 27 Robin Le Normand Real Sociedad Atletico Madrid
73%
By Fee 44 Ukraine ST 27 Artem Dovbyk Girona Roma
71%
By Value 34 Ukraine ST 27 Artem Dovbyk Girona Roma
71%
By Fee 22 Netherlands LB 22 Ian Maatsen Chelsea Aston Villa
71%
By Value 26 Netherlands LB 22 Ian Maatsen Chelsea Aston Villa
71%
By Fee 31 England CM 25 Kiernan Dewsbury-Hall Leicester City Chelsea
71%
By Value 52 England CM 25 Kiernan Dewsbury-Hall Leicester City Chelsea
71%
By Fee 35 England LB 19 Lewis Hall Chelsea Newcastle United
70%
By Value 131 England LB 19 Lewis Hall Chelsea Newcastle United
70%
By Fee 38 Norway ST 28 Alexander Sorloth Villarreal Atletico Madrid
68%
By Value 70 Norway ST 28 Alexander Sorloth Villarreal Atletico Madrid
68%
By Fee 49 England ST 25 Eddie Nketiah Arsenal Crystal Palace
68%
By Value 56 England ST 25 Eddie Nketiah Arsenal Crystal Palace
68%
By Fee 46 Georgia GK 23 Giorgi Mamardashvili Valencia Liverpool
68%
By Value 23 Georgia GK 23 Giorgi Mamardashvili Valencia Liverpool
68%
By Value 24 Georgia GK 23 Giorgi Mamardashvili Liverpool Valencia
68%
By Fee 65 Portugal RB 30 Joao Cancelo Manchester City Al-Hilal
68%
By Value 75 Portugal RB 30 Joao Cancelo Manchester City Al-Hilal
68%
By Value 1 France ST 25 Kylian Mbappe Paris Saint-Germain Real Madrid
66%
By Fee 63 Brazil RW 20 Savinho Troyes Manchester City
66%
By Value 20 Brazil RW 20 Savinho Troyes Manchester City
66%
By Fee 107 Guinea ST 28 Serhou Guirassy Stuttgart Borussia Dortmund
66%
By Value 28 Guinea ST 28 Serhou Guirassy Stuttgart Borussia Dortmund
66%
By Fee 50 Denmark CB 28 Joachim Andersen Crystal Palace Fulham
64%
By Value 35 Denmark CB 28 Joachim Andersen Crystal Palace Fulham
64%
By Fee 61 England RW 22 Mason Greenwood Manchester United Marseille
64%
By Value 73 England RW 22 Mason Greenwood Manchester United Marseille
64%
By Value 2 Nigeria ST 25 Victor Osimhen Napoli Galatasaray
64%
By Fee 86 England GK 26 Aaron Ramsdale Arsenal Southampton
63%
By Value 77 England GK 26 Aaron Ramsdale Arsenal Southampton
63%
By Fee 21 France CB 24 Mohamed Simakan RB Leipzig Al-Nassr
63%
By Value 32 France CB 24 Mohamed Simakan RB Leipzig Al-Nassr
63%
By Fee 59 Germany ST 31 Niclas Fullkrug Borussia Dortmund West Ham United
63%
By Value 163 Germany ST 31 Niclas Fullkrug Borussia Dortmund West Ham United
63%
By Fee 26 England CM 18 Archie Gray Leeds United Tottenham Hotspur
61%
By Value 130 England CM 18 Archie Gray Leeds United Tottenham Hotspur
61%
By Fee 30 Brazil ST 24 Evanilson Porto Bournemouth
61%
By Value 30 Brazil ST 24 Evanilson Porto Bournemouth
61%
By Fee 18 France ST 22 Georginio Rutter Leeds United Brighton & Hove Albion
61%
By Value 129 France ST 22 Georginio Rutter Leeds United Brighton & Hove Albion
61%
By Fee 17 England CB 27 Max Kilman Wolverhampton Wanderers West Ham United
61%
By Value 47 England CB 27 Max Kilman Wolverhampton Wanderers West Ham United
61%
By Fee 28 Ecuador CB 22 Willian Pacho Eintracht Frankfurt Paris Saint-Germain
59%
By Value 29 Ecuador CB 22 Willian Pacho Eintracht Frankfurt Paris Saint-Germain
59%
By Fee 58 Brazil RW 27 David Neres Benfica Napoli
57%
By Value 71 Brazil RW 27 David Neres Benfica Napoli
57%
By Fee 47 Turkey LB 24 Ferdi Kadioglu Fenerbahce Brighton & Hove Albion
57%
By Value 54 Turkey LB 24 Ferdi Kadioglu Fenerbahce Brighton & Hove Albion
57%
By Fee 90 France CM 23 Khephren Thuram Nice Juventus
57%
By Value 38 France CM 23 Khephren Thuram Nice Juventus
57%
By Fee 139 Morocco RB 26 Noussair Mazraoui Bayern Munich Manchester United
57%
By Value 61 Morocco RB 26 Noussair Mazraoui Bayern Munich Manchester United
57%
By Fee 53 Netherlands LW 22 Crysencio Summerville Leeds United West Ham United
54%
By Value 101 Netherlands LW 22 Crysencio Summerville Leeds United West Ham United
54%
By Fee 75 Portugal AM 21 Fabio Carvalho Liverpool Brentford
54%
By Value 199 Portugal AM 21 Fabio Carvalho Liverpool Brentford
54%
By Fee 66 Denmark GK 22 Filip Jorgensen Villarreal Chelsea
54%
By Value 106 Denmark GK 22 Filip Jorgensen Villarreal Chelsea
54%
By Fee 82 Belgium AM 23 Charles De Ketelaere Milan Atalanta
52%
By Value 46 Belgium AM 23 Charles De Ketelaere Milan Atalanta
52%
By Fee 60 Germany ST 28 Deniz Undav Brighton & Hove Albion Stuttgart
52%
By Value 72 Germany ST 28 Deniz Undav Brighton & Hove Albion Stuttgart
52%
By Fee 14 France LW 19 Desire Doue Rennes Paris Saint-Germain
52%
By Value 51 France LW 19 Desire Doue Rennes Paris Saint-Germain
52%
By Fee 172 Italy LW 26 Federico Chiesa Juventus Liverpool
52%
By Value 40 Italy LW 26 Federico Chiesa Juventus Liverpool
52%
By Fee 141 Senegal RW 26 Ismaila Sarr Marseille Crystal Palace
52%
By Value 139 Senegal RW 26 Ismaila Sarr Marseille Crystal Palace
52%
By Fee 224 France CB 18 Mamadou Sarr Lyon Strasbourg
52%
By Value 206 Spain LW 23 Bryan Gil Tottenham Hotspur Girona
50%
By Value 43 England LW 29 Raheem Sterling Chelsea Arsenal
50%
By Fee 88 Netherlands LW 26 Steven Bergwijn Ajax Al-Ittihad
50%
By Value 134 Netherlands LW 26 Steven Bergwijn Ajax Al-Ittihad
50%
By Fee 93 France DM 25 Youssouf Fofana Monaco Milan
50%
By Value 60 France DM 25 Youssouf Fofana Monaco Milan
50%
By Fee 155 Scotland DM 23 Billy Gilmour Brighton & Hove Albion Napoli
48%
By Value 141 Scotland DM 23 Billy Gilmour Brighton & Hove Albion Napoli
48%
By Fee 140 Brazil RB 25 Emerson Royal Tottenham Hotspur Milan
48%
By Value 138 Brazil RB 25 Emerson Royal Tottenham Hotspur Milan
48%
By Fee 73 Colombia LW 25 Luis Sinisterra Leeds United Bournemouth
48%
By Value 153 Colombia LW 25 Luis Sinisterra Leeds United Bournemouth
48%
By Fee 72 England DM 23 Oliver Skipp Tottenham Hotspur Leicester City
48%
By Value 164 England DM 23 Oliver Skipp Tottenham Hotspur Leicester City
48%
By Fee 32 Gambia RW 19 Yankuba Minteh Newcastle United Brighton & Hove Albion
48%
By Value 156 Gambia RW 19 Yankuba Minteh Newcastle United Brighton & Hove Albion
48%
By Fee 100 Morocco ST 27 Youssef En-Nesyri Sevilla Fenerbahce
48%
By Value 109 Morocco ST 27 Youssef En-Nesyri Sevilla Fenerbahce
48%
By Fee 64 France ST 21 Elye Wahi Lens Marseille
46%
By Value 37 France ST 21 Elye Wahi Lens Marseille
46%
By Fee 70 Japan CB 25 Hiroki Ito Stuttgart Bayern Munich
46%
By Value 58 Japan CB 25 Hiroki Ito Stuttgart Bayern Munich
46%
By Fee 67 Greece GK 30 Odysseas Vlachodimos Nottingham Forest Newcastle United
46%
By Fee 69 Norway CM 26 Sander Berge Burnley Fulham
46%
By Value 102 Norway CM 26 Sander Berge Burnley Fulham
46%
By Fee 125 England RB 26 Aaron Wan-Bissaka Manchester United West Ham United
45%
By Value 112 England RB 26 Aaron Wan-Bissaka Manchester United West Ham United
45%
By Fee 33 Italy CB 25 Alessandro Buongiorno Torino Napoli
45%
By Value 31 Italy CB 25 Alessandro Buongiorno Torino Napoli
45%
By Fee 167 Spain ST 31 Alvaro Morata Atletico Madrid Milan
45%
By Value 159 Spain ST 31 Alvaro Morata Atletico Madrid Milan
45%
By Fee 54 Italy CM 24 Davide Frattesi Sassuolo Inter Milan
45%
By Value 36 Italy CM 24 Davide Frattesi Sassuolo Inter Milan
45%
By Fee 27 England CM 21 Elliot Anderson Newcastle United Nottingham Forest
45%
By Value 162 England CM 21 Elliot Anderson Newcastle United Nottingham Forest
45%
By Fee 94 France LW 27 Martin Terrier Rennes Bayer Leverkusen
45%
By Value 107 France LW 27 Martin Terrier Rennes Bayer Leverkusen
45%
By Fee 62 Argentina RW 21 Matias Soule Juventus Roma
45%
By Value 74 Argentina RW 21 Matias Soule Juventus Roma
45%
By Fee 111 France CB 24 Maxence Lacroix Wolfsburg Crystal Palace
45%
By Value 111 France CB 24 Maxence Lacroix Wolfsburg Crystal Palace
45%
By Fee 108 Serbia CB 23 Strahinja Pavlovic RB Salzburg Milan
45%
By Value 78 Serbia CB 23 Strahinja Pavlovic RB Salzburg Milan
45%
By Fee 99 Argentina AM 23 Thiago Almada Atlanta United Botafogo
45%
By Value 67 Argentina AM 23 Thiago Almada Atlanta United Botafogo
45%
By Fee 80 Germany CB 27 Waldemar Anton Stuttgart Borussia Dortmund
45%
By Value 104 Germany CB 27 Waldemar Anton Stuttgart Borussia Dortmund
45%
By Fee 109 Spain CM 27 Aleix Garcia Girona Bayer Leverkusen
43%
By Value 79 Spain CM 27 Aleix Garcia Girona Bayer Leverkusen
43%
By Value 289 Spain CB 30 David Garcia Osasuna Al-Rayyan
43%
By Fee 156 Argentina AM 25 Esequiel Barco River Plate Spartak Moscow
43%
By Value 240 Portugal LW 25 Jota Silva Vitoria Guimaraes Nottingham Forest
43%
By Value 86 England DM 28 Kalvin Phillips Manchester City Ipswich Town
43%
By Fee 121 England ST 21 Liam Delap Manchester City Ipswich Town
43%
By Fee 51 Denmark CM 23 Matt O'Riley Celtic Brighton & Hove Albion
43%
By Value 100 Denmark CM 23 Matt O'Riley Celtic Brighton & Hove Albion
43%
By Fee 56 Germany ST 21 Maximilian Beier Hoffenheim Borussia Dortmund
43%
By Value 57 Germany ST 21 Maximilian Beier Hoffenheim Borussia Dortmund
43%
By Fee 74 Belgium CM 26 Orel Mangala Nottingham Forest Lyon
43%
By Value 103 Belgium CM 26 Orel Mangala Nottingham Forest Lyon
43%
By Value 122 Belgium CM 26 Orel Mangala Lyon Everton
43%
By Value 215 Argentina LB 20 Valentin Barco Brighton & Hove Albion Sevilla
43%
By Fee 106 Georgia ST 23 Georges Mikautadze Metz Lyon
41%
By Fee 168 Georgia ST 23 Georges Mikautadze Ajax Metz
41%
By Value 110 Georgia ST 23 Georges Mikautadze Metz Lyon
41%
By Value 178 Georgia ST 23 Georges Mikautadze Ajax Metz
41%
By Fee 29 Brazil ST 21 Marcos Leonardo Benfica Al-Hilal
41%
By Value 68 Brazil ST 21 Marcos Leonardo Benfica Al-Hilal
41%
By Fee 39 Netherlands DM 24 Mats Wieffer Feyenoord Brighton & Hove Albion
41%
By Value 53 Netherlands DM 24 Mats Wieffer Feyenoord Brighton & Hove Albion
41%
By Value 45 Morocco CB 28 Nayef Aguerd West Ham United Real Sociedad
41%
By Fee 152 Algeria LW 28 Said Benrahma West Ham United Lyon
41%
By Value 115 Algeria LW 28 Said Benrahma West Ham United Lyon
41%
By Value 63 England ST 26 Tammy Abraham Roma Milan
41%
By Fee 52 France LW 19 Wilson Odobert Burnley Tottenham Hotspur
41%
By Value 267 France LW 19 Wilson Odobert Burnley Tottenham Hotspur
41%
By Fee 131 Turkey ST 27 Enes Unal Getafe Bournemouth
39%
By Value 136 Turkey ST 27 Enes Unal Getafe Bournemouth
39%
By Fee 36 Brazil ST 23 Igor Thiago Club Brugge Brentford
39%
By Value 69 Brazil ST 23 Igor Thiago Club Brugge Brentford
39%
By Fee 179 Canada CM 22 Ismael Kone Watford Marseille
39%
By Value 258 Canada CM 22 Ismael Kone Watford Marseille
39%
By Value 65 England CM 29 James Ward-Prowse West Ham United Nottingham Forest
39%
By Value 120 France CM 23 Manu Kone Borussia Monchengladbach Roma
39%
By Fee 84 Italy ST 25 Mateo Retegui Genoa Atalanta
39%
By Value 158 Italy ST 25 Mateo Retegui Genoa Atalanta
39%
By Value 41 Argentina RW 26 Nico Gonzalez Fiorentina Juventus
39%
By Fee 68 Netherlands CB 22 Sepp van den Berg Liverpool Brentford
39%
By Value 221 Netherlands CB 22 Sepp van den Berg Liverpool Brentford
39%
By Value 97 United States RB 23 Sergino Dest Barcelona PSV
39%
By Value 64 Brazil ST 19 Vitor Roque Barcelona Real Betis
39%
By Value 98 Germany ST 19 Youssouda Moukoko Borussia Dortmund Nice
39%
By Fee 114 Czech Republic SS 22 Adam Hlozek Bayer Leverkusen Hoffenheim
38%
By Value 224 Czech Republic SS 22 Adam Hlozek Bayer Leverkusen Hoffenheim
38%
By Value 250 England CB 30 Eric Dier Tottenham Hotspur Bayern Munich
38%
By Value 265 Portugal ST 22 Fabio Silva Wolverhampton Wanderers Las Palmas
38%
By Value 99 Portugal AM 24 Fabio Vieira Arsenal Porto
38%
By Fee 129 France ST 22 Hugo Ekitike Paris Saint-Germain Eintracht Frankfurt
38%
By Value 113 France ST 22 Hugo Ekitike Paris Saint-Germain Eintracht Frankfurt
38%
By Value 44 France CB 24 Jean-Clair Todibo Nice West Ham United
38%
By Fee 41 Senegal CB 28 Moussa Niakhate Nottingham Forest Lyon
38%
By Value 157 Senegal CB 28 Moussa Niakhate Nottingham Forest Lyon
38%
By Value 96 Poland CM 30 Piotr Zielinski Napoli Inter Milan
38%
By Value 205 Portugal SS 31 Rafa Silva Benfica Besiktas
38%
By Value 314 Ivory Coast ST 30 Sebastien Haller Borussia Dortmund Leganes
38%
By Fee 78 England CB 22 Taylor Harwood-Bellis Manchester City Southampton
38%
By Value 89 England CB 22 Taylor Harwood-Bellis Manchester City Southampton
38%
By Value 82 Brazil RB 22 Yan Couto Manchester City Borussia Dortmund
38%
By Fee 79 Brazil RW 19 Angelo Gabriel Chelsea Al-Nassr
36%
By Value 173 Brazil RW 19 Angelo Gabriel Chelsea Al-Nassr
36%
By Fee 89 Norway LW 19 Antonio Nusa Club Brugge RB Leipzig
36%
By Value 166 Norway LW 19 Antonio Nusa Club Brugge RB Leipzig
36%
By Value 95 Albania ST 22 Armando Broja Chelsea Everton
36%
By Fee 77 France CM 24 Enzo Le Fee Rennes Roma
36%
By Value 133 France CM 24 Enzo Le Fee Rennes Roma
36%
By Fee 218 Finland CM 28 Glen Kamara Leeds United Rennes
36%
By Fee 112 Senegal ST 24 Iliman Ndiaye Marseille Everton
36%
By Value 168 Senegal ST 24 Iliman Ndiaye Marseille Everton
36%
By Fee 153 Serbia CB 26 Nikola Milenkovic Fiorentina Nottingham Forest
36%
By Value 177 Serbia CB 26 Nikola Milenkovic Fiorentina Nottingham Forest
36%
By Value 42 Ivory Coast CB 23 Odilon Kossounou Bayer Leverkusen Atalanta
36%
By Fee 71 England RW 20 Omari Hutchinson Chelsea Ipswich Town
36%
By Value 149 Denmark DM 28 Pierre-Emile Hojbjerg Tottenham Hotspur Marseille
36%
By Value 128 France CB 31 Raphael Varane Manchester United Como
36%
By Value 94 Morocco DM 28 Sofyan Amrabat Fiorentina Fenerbahce
36%
By Value 217 Spain LB 31 Alex Moreno Aston Villa Nottingham Forest
34%
By Value 302 France CB 29 Clement Lenglet Barcelona Atletico Madrid
34%
By Fee 87 Bosnia ST 26 Ermedin Demirovic Augsburg Stuttgart
34%
By Value 66 Bosnia ST 26 Ermedin Demirovic Augsburg Stuttgart
34%
By Value 160 Argentina CM 28 Giovani Lo Celso Tottenham Hotspur Real Betis
34%
By Fee 92 Netherlands RB 24 Lutsharel Geertruida Feyenoord RB Leipzig
34%
By Value 49 Netherlands RB 24 Lutsharel Geertruida Feyenoord RB Leipzig
34%
By Value 216 Israel LW 25 Manor Solomon Tottenham Hotspur Leeds United
34%
By Value 305 Iran ST 31 Mehdi Taremi Porto Inter Milan
34%
By Fee 138 Spain ST 20 Samu Omorodion Atletico Madrid Porto
34%
By Value 39 Spain ST 20 Samu Omorodion Atletico Madrid Porto
34%
By Fee 200 Germany CB 27 Thilo Kehrer West Ham United Monaco
34%
By Value 280 Germany CB 27 Thilo Kehrer West Ham United Monaco
34%
By Value 262 Ivory Coast LW 31 Wilfried Zaha Galatasaray Lyon
34%
By Fee 188 Russia AM 28 Aleksey Miranchuk Atalanta Atlanta United
32%
By Value 278 Russia AM 28 Aleksey Miranchuk Atalanta Atlanta United
32%
By Value 249 Belgium RW 25 Alexis Saelemaekers Milan Roma
32%
By Fee 83 Brazil DM 23 Andre Fluminense Wolverhampton Wanderers
32%
By Value 76 Brazil DM 23 Andre Fluminense Wolverhampton Wanderers
32%
By Fee 181 England CB 26 Ben Godfrey Everton Atalanta
32%
By Value 274 England CB 26 Ben Godfrey Everton Atalanta
32%
By Fee 91 Morocco AM 20 Bilal El Khannouss Genk Leicester City
32%
By Value 59 Morocco AM 20 Bilal El Khannouss Genk Leicester City
32%
By Value 124 Spain CM 27 Carlos Soler Paris Saint-Germain West Ham United
32%
By Value 151 Japan AM 27 Daichi Kamada Lazio Crystal Palace
32%
By Value 126 Serbia GK 24 Djordje Petrovic Chelsea Strasbourg
32%
By Value 123 Argentina DM 30 Guido Rodriguez Real Betis West Ham United
32%
By Fee 176 Mexico LW 29 Hirving Lozano PSV San Diego
32%
By Value 181 Mexico LW 29 Hirving Lozano PSV San Diego
32%
By Value 191 Germany CM 33 Ilkay Gundogan Barcelona Manchester City
32%
By Value 83 Norway ST 24 Jorgen Strand Larsen Celta Vigo Wolverhampton Wanderers
32%
By Value 257 Spain GK 29 Kepa Arrizabalaga Chelsea Bournemouth
32%
By Fee 217 Sweden AM 18 Lucas Bergvall Djurgardens Tottenham Hotspur
32%
By Value 283 Sweden AM 18 Lucas Bergvall Djurgardens Tottenham Hotspur
32%
By Fee 165 France CM 25 Matteo Guendouzi Marseille Lazio
32%
By Value 81 France CM 25 Matteo Guendouzi Marseille Lazio
32%
By Value 118 France CB 24 Pierre Kalulu Milan Juventus
32%
By Value 195 England RW 24 Reiss Nelson Arsenal Fulham
32%
By Value 219 England LW 20 Samuel Iling-Junior Aston Villa Bologna
32%
By Fee 134 Portugal ST 24 Vitinha Marseille Genoa
32%
By Value 201 Portugal ST 24 Vitinha Marseille Genoa
32%
By Value 144 France LW 27 Allan Saint-Maximin Al-Ahli Fenerbahce
30%
By Fee 43 Germany RW 20 Brajan Gruda Mainz Brighton & Hove Albion
30%
By Value 105 Germany RW 20 Brajan Gruda Mainz Brighton & Hove Albion
30%
By Value 290 Turkey CB 28 Caglar Soyuncu Atletico Madrid Fenerbahce
30%
By Value 194 Scotland ST 28 Che Adams Southampton Torino
30%
By Value 295 Uruguay RW 22 Facundo Pellistri Manchester United Panathinaikos
30%
By Fee 187 Algeria CM 26 Houssem Aouar Roma Al-Ittihad
30%
By Value 277 Algeria CM 26 Houssem Aouar Roma Al-Ittihad
30%
By Fee 101 Ireland CB 23 Jake O'Brien Lyon Everton
30%
By Value 222 Ireland CB 23 Jake O'Brien Lyon Everton
30%
By Value 93 Denmark AM 24 Jesper Lindstrom Napoli Everton
30%
By Fee 144 Senegal CM 20 Lamine Camara Metz Monaco
30%
By Value 272 Senegal CM 20 Lamine Camara Metz Monaco
30%
By Value 150 England CB 25 Lloyd Kelly Bournemouth Newcastle United
30%
By Fee 204 Uruguay ST 21 Luciano Rodriguez Liverpool (Montevideo) Bahia
30%
By Fee 209 Spain AM 31 Luis Alberto Lazio Al-Duhail
30%
By Value 259 Spain AM 31 Luis Alberto Lazio Al-Duhail
30%
By Fee 130 Mali DM 24 Mohamed Camara Monaco Al-Sadd
30%
By Value 114 Mali DM 24 Mohamed Camara Monaco Al-Sadd
30%
By Value 245 France ST 28 Neal Maupay Everton Marseille
30%
By Value 303 France RB 26 Nordi Mukiele Paris Saint-Germain Bayer Leverkusen
30%
By Value 315 Spain GK 29 Pau Lopez Marseille Girona
30%
By Fee 158 Portugal LB 20 Renato Veiga Basel Chelsea
30%
By Fee 157 England LW 20 Samuel Iling-Junior Juventus Aston Villa
30%
By Value 209 England LW 20 Samuel Iling-Junior Juventus Aston Villa
30%
By Fee 110 Greece ST 25 Vangelis Pavlidis AZ Alkmaar Benfica
30%
By Value 80 Greece ST 25 Vangelis Pavlidis AZ Alkmaar Benfica
30%
By Value 192 Belgium CM 24 Albert Sambi Lokonga Arsenal Sevilla
29%
By Fee 166 Brazil LM 25 Carlos Augusto Monza Inter Milan
29%
By Value 90 Brazil LM 25 Carlos Augusto Monza Inter Milan
29%
By Fee 127 Ghana RW 20 Issahaku Fatawu Sporting CP Leicester City
29%
By Value 269 Ghana RW 20 Issahaku Fatawu Sporting CP Leicester City
29%
By Value 254 Nigeria ST 27 Kelechi Iheanacho Leicester City Sevilla
29%
By Fee 116 Cape Verde CB 23 Logan Costa Toulouse Villarreal
29%
By Value 225 Cape Verde CB 23 Logan Costa Toulouse Villarreal
29%
By Fee 95 Russia GK 25 Matvey Safonov Krasnodar Paris Saint-Germain
29%
By Value 108 Russia GK 25 Matvey Safonov Krasnodar Paris Saint-Germain
29%
By Fee 169 Italy ST 24 Moise Kean Juventus Fiorentina
29%
By Value 202 Italy ST 24 Moise Kean Juventus Fiorentina
29%
By Value 298 France AM 31 Nabil Fekir Real Betis Al-Jazira
29%
By Value 193 Portugal LB 24 Nuno Tavares Arsenal Lazio
29%
By Value 311 England LB 24 Ryan Sessegnon Tottenham Hotspur Fulham
29%
By Value 125 England CB 26 Tosin Adarabioyo Fulham Chelsea
29%
By Value 121 Belgium CB 24 Arthur Theate Rennes Eintracht Frankfurt
27%
By Fee 170 Spain LW 22 Bryan Zaragoza Granada Bayern Munich
27%
By Value 229 Spain LW 22 Bryan Zaragoza Granada Bayern Munich
27%
By Value 248 Spain LW 22 Bryan Zaragoza Bayern Munich Osasuna
27%
By Fee 126 England ST 22 Cameron Archer Aston Villa Southampton
27%
By Fee 128 England ST 22 Cameron Archer Sheffield United Aston Villa
27%
By Value 207 England ST 22 Cameron Archer Aston Villa Southampton
27%
By Value 208 England ST 22 Cameron Archer Sheffield United Aston Villa
27%
By Fee 115 Argentina CM 21 Carlos Alcaraz Southampton Flamengo
27%
By Value 169 Argentina CM 21 Carlos Alcaraz Southampton Flamengo
27%
By Fee 57 Ghana RW 20 Ernest Nuamah Molenbeek Lyon
27%
By Value 132 Ghana RW 20 Ernest Nuamah Molenbeek Lyon
27%
By Fee 207 Portugal RW 21 Francisco Conceicao Ajax Porto
27%
By Value 91 Portugal RW 21 Francisco Conceicao Ajax Porto
27%
By Value 92 Portugal RW 21 Francisco Conceicao Porto Juventus
27%
By Fee 85 England CB 23 Jacob Greaves Hull City Ipswich Town
27%
By Value 165 England CB 23 Jacob Greaves Hull City Ipswich Town
27%
By Fee 226 Mexico RB 23 Julian Araujo Barcelona Bournemouth
27%
By Value 85 France DM 20 Lesley Ugochukwu Chelsea Southampton
27%
By Fee 173 United States AM 22 Malik Tillman Bayern Munich PSV
27%
By Value 116 United States AM 22 Malik Tillman Bayern Munich PSV
27%
By Fee 162 Uruguay LW 24 Maxi Araujo Toluca Sporting CP
27%
By Value 117 Italy AM 25 Nicolo Zaniolo Galatasaray Atalanta
27%
By Value 304 Denmark RB 27 Rasmus Kristensen Leeds United Eintracht Frankfurt
27%
By Value 148 Germany CB 27 Robin Koch Leeds United Eintracht Frankfurt
27%
By Value 306 Turkey DM 26 Salih Ozcan Borussia Dortmund Wolfsburg
27%
By Value 218 England CB 25 Trevoh Chalobah Chelsea Crystal Palace
27%
By Value 220 Netherlands LW 27 Arnaut Danjuma Villarreal Girona
25%
By Value 84 Belgium CM 19 Arthur Vermeeren Atletico Madrid RB Leipzig
25%
By Fee 219 Colombia RW 21 Carlos Andres Gomez Real Salt Lake Rennes
25%
By Fee 137 Spain CB 19 Dean Huijsen Juventus Bournemouth
25%
By Value 270 Spain CB 19 Dean Huijsen Juventus Bournemouth
25%
By Value 152 Argentina AM 19 Facundo Buonanotte Brighton & Hove Albion Leicester City
25%
By Value 300 Chile CB 30 Guillermo Maripan Monaco Torino
25%
By Fee 135 England LW 22 Jaden Philogene Hull City Aston Villa
25%
By Value 172 England LW 22 Jaden Philogene Hull City Aston Villa
25%
By Fee 213 Netherlands RB 24 Jordan Teze PSV Monaco
25%
By Value 142 Netherlands RB 24 Jordan Teze PSV Monaco
25%
By Value 186 France CM 31 Jordan Veretout Marseille Lyon
25%
By Fee 164 Poland GK 25 Kamil Grabara Kobenhavn Wolfsburg
25%
By Value 228 Poland GK 25 Kamil Grabara Kobenhavn Wolfsburg
25%
By Fee 76 Brazil RW 18 Luis Guilherme Palmeiras West Ham United
25%
By Value 87 Brazil RW 18 Luis Guilherme Palmeiras West Ham United
25%
By Fee 96 Belgium GK 19 Mike Penders Genk Chelsea
25%
By Fee 197 Libya DM 28 Moatasem Al-Musrati Braga Besiktas
25%
By Value 203 Libya DM 28 Moatasem Al-Musrati Braga Besiktas
25%
By Value 296 Argentina AM 19 Nico Paz Real Madrid Como
25%
By Fee 98 Italy RB 24 Raoul Bellanova Torino Atalanta
25%
By Value 167 Italy RB 24 Raoul Bellanova Torino Atalanta
25%
By Value 247 Germany LM 30 Robin Gosens Union Berlin Fiorentina
25%
By Value 198 France RM 26 Romain Faivre Bournemouth Brest
25%
By Fee 189 England GK 31 Sam Johnstone Crystal Palace Wolverhampton Wanderers
25%
By Value 279 England GK 31 Sam Johnstone Crystal Palace Wolverhampton Wanderers
25%
By Value 286 Spain RW 23 Sergio Gomez Manchester City Real Sociedad
25%
By Value 264 Spain DM 19 Stefan Bajcetic Liverpool RB Salzburg
25%
By Value 239 Japan RB 24 Yukinari Sugawara AZ Alkmaar Southampton
25%
By Value 253 Switzerland ST 23 Zeki Amdouni Burnley Benfica
25%
By Fee 136 Belgium CB 20 Zeno Debast Anderlecht Sporting CP
25%
By Value 137 Belgium CB 20 Zeno Debast Anderlecht Sporting CP
25%
By Value 62 Iceland SS 27 Albert Gudmundsson Genoa Fiorentina
23%
By Value 246 Morocco CM 24 Azzedine Ounahi Marseille Panathinaikos
23%
By Value 310 Scotland RW 18 Ben Doak Liverpool Middlesbrough
23%
By Fee 192 England CM 19 Bobby Clark Liverpool RB Salzburg
23%
By Fee 149 Morocco CB 21 Chadi Riad Real Betis Crystal Palace
23%
By Value 175 Morocco CB 21 Chadi Riad Real Betis Crystal Palace
23%
By Value 184 Morocco CB 21 Chadi Riad Barcelona Real Betis
23%
By Value 213 Portugal RW 28 Daniel Podence Wolverhampton Wanderers Al-Shabab
23%
By Value 308 Burkina Faso RB 23 Issa Kabore Manchester City Benfica
23%
By Fee 124 England LW 23 Jack Clarke Sunderland Ipswich Town
23%
By Value 171 England LW 23 Jack Clarke Sunderland Ipswich Town
23%
By Fee 190 Wales CB 26 Joe Rodon Tottenham Hotspur Leeds United
23%
By Fee 174 Turkey LW 25 Kerem Akturkoglu Galatasaray Benfica
23%
By Value 179 Turkey LW 25 Kerem Akturkoglu Galatasaray Benfica
23%
By Fee 230 Belgium LW 19 Matias Fernandez-Pardo Gent Lille
23%
By Fee 196 Brazil CB 23 Morato Benfica Nottingham Forest
23%
By Value 182 Brazil CB 23 Morato Benfica Nottingham Forest
23%
By Fee 81 England AM 18 Omari Kellyman Aston Villa Chelsea
23%
By Value 307 DR Congo RW 25 Silas Katompa Mvumpa Stuttgart Crvena Zvezda
23%
By Fee 148 Spain LW 24 Alvaro Djalo Braga Athletic Bilbao
21%
By Value 174 Spain LW 24 Alvaro Djalo Braga Athletic Bilbao
21%
By Value 294 Greece LW 22 Christos Tzolis Fortuna Dusseldorf Club Brugge
21%
By Value 299 Greece LW 22 Christos Tzolis Norwich City Fortuna Dusseldorf
21%
By Fee 154 Ireland CB 25 Dara O'Shea Burnley Ipswich Town
21%
By Fee 105 Argentina DM 22 Ezequiel Fernandez Boca Juniors Al-Qadsiah
21%
By Value 200 Argentina DM 22 Ezequiel Fernandez Boca Juniors Al-Qadsiah
21%
By Value 154 Ivory Coast AM 24 Hamed Junior Traore Bournemouth Auxerre
21%
By Fee 163 Spain GK 26 Josep Martinez Genoa Inter Milan
21%
By Fee 146 Croatia CB 26 Marin Pongracic Lecce Fiorentina
21%
By Value 145 Italy GK 26 Michele Di Gregorio Monza Juventus
21%
By Fee 211 Senegal CB 20 Mikayil Faye Barcelona Rennes
21%
By Value 281 Senegal CB 20 Mikayil Faye Barcelona Rennes
21%
By Value 291 Serbia GK 28 Predrag Rajkovic Mallorca Al-Ittihad
21%
By Fee 147 Portugal RM 20 Rodrigo Gomes Braga Wolverhampton Wanderers
21%
By Value 227 Portugal RM 20 Rodrigo Gomes Braga Wolverhampton Wanderers
21%
By Fee 142 Netherlands ST 23 Thijs Dallinga Toulouse Bologna
21%
By Value 140 Netherlands ST 23 Thijs Dallinga Toulouse Bologna
21%
By Value 256 Portugal CB 24 Tiago Djalo Juventus Porto
21%
By Value 188 France DM 24 Yacine Adli Milan Fiorentina
21%
By Value 236 Spain ST 24 Abel Ruiz Braga Girona
20%
By Fee 119 Brazil GK 25 Bento Krepski Athletico Paranaense Al-Nassr
20%
By Value 170 Brazil GK 25 Bento Krepski Athletico Paranaense Al-Nassr
20%
By Fee 159 Italy CB 22 Caleb Okoli Atalanta Leicester City
20%
By Fee 199 Angola CB 25 David Carmo Porto Nottingham Forest
20%
By Value 232 Angola CB 25 David Carmo Porto Nottingham Forest
20%
By Value 255 Angola CB 25 David Carmo Nottingham Forest Olympiacos
20%
By Value 119 Mali ST 22 El Bilal Toure Atalanta Stuttgart
20%
By Fee 122 England DM 25 Flynn Downes West Ham United Southampton
20%
By Fee 113 Brazil CM 25 Gabriel Sara Norwich City Galatasaray
20%
By Value 135 Brazil CM 25 Gabriel Sara Norwich City Galatasaray
20%
By Fee 185 Brazil LW 18 Gustavo Nunes Gremio Brentford
20%
By Value 276 Brazil LW 18 Gustavo Nunes Gremio Brentford
20%
By Value 243 France RB 31 Jonathan Clauss Marseille Nice
20%
By Fee 180 France ST 22 Sekou Mara Southampton Strasbourg
20%
By Fee 132 Argentina CB 19 Aaron Anselmino Boca Juniors Chelsea
18%
By Fee 214 France CM 30 Benjamin Bourigeaud Rennes Al-Duhail
18%
By Value 143 France CM 30 Benjamin Bourigeaud Rennes Al-Duhail
18%
By Fee 102 Ghana LW 19 Ibrahim Osman Nordsjaelland Brighton & Hove Albion
18%
By Value 223 Ghana LW 19 Ibrahim Osman Nordsjaelland Brighton & Hove Albion
18%
By Value 251 Ghana LW 19 Ibrahim Osman Brighton & Hove Albion Feyenoord
18%
By Value 301 Sweden DM 25 Jens Cajuste Napoli Ipswich Town
18%
By Fee 145 Portugal CM 20 Mateus Fernandes Sporting CP Southampton
18%
By Fee 117 Belgium LW 25 Mike Tresor Genk Burnley
18%
By Value 226 Belgium LW 25 Mike Tresor Genk Burnley
18%
By Fee 206 Ireland AM 28 Sammie Szmodics Blackburn Rovers Ipswich Town
18%
By Value 235 Belgium CB 22 Ameen Al-Dakhil Burnley Stuttgart
16%
By Fee 212 United States LB 19 Caleb Wiley Atlanta United Chelsea
16%
By Value 196 England CB 20 Callum Doyle Manchester City Norwich City
16%
By Value 197 Brazil DM 18 Gabriel Moscardo Paris Saint-Germain Reims
16%
By Fee 184 France CB 22 Maxime Esteve Montpellier Burnley
16%
By Fee 178 Paraguay LW 24 Ramon Sosa Talleres Nottingham Forest
16%
By Value 211 Paraguay LW 24 Ramon Sosa Talleres Nottingham Forest
16%
By Fee 202 Sweden LM 22 Sebastian Nanasi Malmo Strasbourg
16%
By Value 312 Italy CM 25 Tommaso Pobega Milan Bologna
16%
By Value 297 England CM 22 Tommy Doyle Manchester City Wolverhampton Wanderers
16%
By Value 189 Argentina AM 19 Valentin Carboni Inter Milan Marseille
16%
By Fee 195 Denmark ST 21 William Osula Sheffield United Newcastle United
16%
By Fee 229 France CB 19 Willy Kambwala Manchester United Villarreal
16%
By Fee 103 Denmark ST 19 Conrad Harder Nordsjaelland Sporting CP
14%
By Value 147 Italy CM 22 Edoardo Bove Roma Fiorentina
14%
By Fee 104 France ST 17 George Ilenikhena Royal Antwerp Monaco
14%
By Value 282 France ST 17 George Ilenikhena Royal Antwerp Monaco
14%
By Value 266 Senegal ST 29 Habib Diallo Al-Shabab Damac
14%
By Fee 123 England ST 21 Jay Stansfield Fulham Birmingham City
14%
By Value 155 Luxembourg CM 24 Leandro Barreiro Mainz Benfica
14%
By Fee 191 England LW 21 Lewis Dobbin Everton Aston Villa
14%
By Value 244 Brazil CB 23 Natan Napoli Real Betis
14%
By Value 214 Argentina CB 24 Nehuen Perez Udinese Porto
14%
By Fee 97 Iceland ST 20 Orri Oskarsson Kobenhavn Real Sociedad
14%
By Fee 222 Brazil RB 18 Pedro Lima Sport Recife Wolverhampton Wanderers
14%
By Value 293 Brazil RW 24 Tete Galatasaray Panathinaikos
14%
By Fee 205 England CM 21 Tim Iroegbunam Aston Villa Everton
14%
By Fee 118 Colombia RW 20 Yaser Asprilla Watford Girona
14%
By Fee 201 Belgium CM 20 Arne Engels Augsburg Celtic
13%
By Fee 150 Spain AM 26 Cameron Puertas Union Saint-Gilloise Al-Qadsiah
13%
By Value 176 Spain AM 26 Cameron Puertas Union Saint-Gilloise Al-Qadsiah
13%
By Value 287 Mexico CM 24 Erick Sanchez Pachuca Club America
13%
By Value 190 Italy CM 21 Fabio Miretti Juventus Genoa
13%
By Fee 143 France CB 19 Jeanuel Belocian Rennes Bayer Leverkusen
13%
By Value 271 France CB 19 Jeanuel Belocian Rennes Bayer Leverkusen
13%
By Value 127 Serbia CM 22 Lazar Samardzic Udinese Atalanta
13%
By Value 252 France CB 24 Lilian Brassier Brest Marseille
13%
By Fee 183 Brazil GK 23 Luiz Junior Famalicao Villarreal
13%
By Fee 215 Croatia CM 21 Luka Sucic RB Salzburg Real Sociedad
13%
By Value 183 Croatia CM 21 Luka Sucic RB Salzburg Real Sociedad
13%
By Fee 216 Belgium GK 22 Maarten Vandevoordt Genk RB Leipzig
13%
By Value 260 Belgium GK 22 Maarten Vandevoordt Genk RB Leipzig
13%
By Value 161 Algeria ST 24 Mohamed Amoura Union Saint-Gilloise Wolfsburg
13%
By Value 146 Italy AM 25 Andrea Colpani Monza Fiorentina
11%
By Value 185 Germany LB 25 Jan-Niklas Beste Heidenheim Benfica
11%
By Value 237 Belgium CB 22 Koni De Winter Juventus Genoa
11%
By Value 204 Italy CB 26 Nicolo Casale Lazio Bologna
11%
By Fee 120 Brazil LW 19 Wesley Corinthians Al-Nassr
11%
By Value 268 Brazil LW 19 Wesley Corinthians Al-Nassr
11%
By Fee 151 Denmark CM 23 Albert Gronbaek Bodo/Glimt Rennes
9%
By Value 230 Denmark CM 23 Albert Gronbaek Bodo/Glimt Rennes
9%
By Value 234 Austria LM 23 Alexander Prass Sturm Graz Hoffenheim
9%
By Fee 198 Turkey AM 18 Can Uzun Nuremberg Eintracht Frankfurt
9%
By Value 231 Turkey AM 18 Can Uzun Nuremberg Eintracht Frankfurt
9%
By Fee 133 France CB 19 Christian Mawissa Toulouse Monaco
9%
By Fee 171 Colombia LB 23 Juan Cabal Hellas Verona Juventus
9%
By Fee 161 Mexico ST 27 Julian Quinones Club America Al-Qadsiah
9%
By Value 273 Mexico ST 27 Julian Quinones Club America Al-Qadsiah
9%
By Value 292 Czech Republic CB 25 Ladislav Krejci Sparta Prague Girona
9%
By Value 238 Italy ST 23 Lorenzo Lucca Pisa Udinese
9%
By Fee 186 Spain CB 22 Rafa Marin Real Madrid Napoli
9%
By Fee 160 France ST 21 Thierno Barry Basel Villarreal
9%
By Value 187 Italy ST 25 Andrea Pinamonti Sassuolo Genoa
7%
By Fee 231 Germany CM 18 Assan Ouedraogo Schalke RB Leipzig
7%
By Value 284 Germany CM 18 Assan Ouedraogo Schalke RB Leipzig
7%
By Value 285 Argentina RW 24 Benjamin Rollheiser Estudiantes Benfica
7%
By Fee 193 Greece CB 20 Konstantinos Koulierakis PAOK Wolfsburg
7%
By Fee 221 Brazil LW 21 Matheus Martins Udinese Botafogo
7%
By Fee 227 France ST 21 Matthis Abline Rennes Nantes
7%
By Value 313 Northern Ireland DM 20 Shea Charles Southampton Sheffield Wednesday
7%
By Fee 210 Ivory Coast CB 22 Bamo Meite Lorient Marseille
5%
By Value 241 Sweden RM 24 Emil Holm Spezia Bologna
5%
By Value 263 Russia ST 26 Fedor Chalov CSKA Moscow PAOK
5%
By Fee 177 Belgium DM 22 Mandela Keita Royal Antwerp Parma
5%
By Value 210 Belgium DM 22 Mandela Keita Royal Antwerp Parma
5%
By Value 212 Belgium DM 22 Mandela Keita OH Leuven Royal Antwerp
5%
By Value 288 Netherlands RW 24 Tijjani Noslin Hellas Verona Lazio
5%
By Fee 203 Croatia ST 20 Ante Crnac Rakow Czestochowa Norwich City
4%
By Value 242 Turkey RW 22 Eren Dinkci Werder Bremen Freiburg
4%
By Fee 220 France CB 17 Joane Gadou Paris Saint-Germain RB Salzburg
4%
By Fee 232 France RW 20 Loum Tchaouna Salernitana Lazio
4%
By Fee 194 Ireland CB 23 Mark McGuinness Cardiff City Luton Town
4%
By Fee 208 Brazil AM 23 Mauricio Internacional Palmeiras
4%
By Value 233 Brazil AM 23 Mauricio Internacional Palmeiras
4%
By Fee 225 Russia ST 27 Aleksandr Sobolev Spartak Moscow Zenit
2%
By Fee 55 Saudi Arabia LB 24 Moteb Al-Harbi Al-Shabab Al-Hilal
2%
By Fee 228 Italy SS 23 Nicolo Cambiaghi Atalanta Bologna
2%
By Fee 182 Argentina ST 23 Luciano Gondou Argentinos Juniors Zenit
0%
By Value 275 Argentina ST 23 Luciano Gondou Argentinos Juniors Zenit
0%
By Value 261 Russia SS 24 Maksim Glushenkov Lokomotiv Moscow Zenit
0%
By Fee 223 Spain ST 25 Rada Mujica Arouca Al-Sadd
0%
No matching quizzes found
Score Distribution
Percent of People with Each Score
Percentile by Number Answered
Your Score History
You have not taken this quiz